Pedagogía general

Guardat en:
Dades bibliogràfiques
Autor principal: Solari, Manuel Horacio
Format: Llibre
Idioma:English
Publicat: Buenos Aires: Librería el Ateneo, 1966.
Edició:6a Ed.
Matèries:
Accés en línia:Enlace del recurso
Etiquetes: Afegir etiqueta
Sense etiquetes, Sigues el primer a etiquetar aquest registre!

MARC

LEADER 00000nam a22000007a 4500
003 OSt
005 20160911194618.0
008 160805b xxu||||| |||| 00| 0 eng d
040 |c CO-BoIIE 
082 |a 370  |b S68p 
100 1 |9 556  |a Solari, Manuel Horacio 
245 1 0 |a Pedagogía general   |c Manuel Horacio Solari 
250 |a 6a Ed. 
260 |a Buenos Aires:  |b Librería el Ateneo,  |c 1966. 
300 |a 178 p. 
650 1 0 |9 93  |a Pedagogía 
942 |2 ddc  |c BK 
999 |c 5138  |d 5138 
856 |u https://catalogo.idep.edu.co/cgi-bin/koha/opac-detail.pl?biblionumber=5138  |z Enlace del recurso